Bratrstvo. Kniha první, Vyděděnci /
Úvod do fantasy ságy, kde stát se bojovníkem je pro každého skandijského chlapce velká čest.
Uloženo v:
| Série: | Bratrstvo,
část 1 |
|---|---|
| Hlavní autor: | |
| Další autoři: | , , |
| Médium: | E-audiokniha |
| Jazyk: | Czech |
| Vydáno: |
Praha :
Egmont,
[2019]
|
| Edice: | Fantasy (Egmont)
|
| Témata: | |
| Příbuzné jednotky: | Z cyklu::
Bratrstvo |
| Tagy: |
Žádné tagy |
| LEADER | 05056nim a2201261 i 4500 | ||
|---|---|---|---|
| 001 | 313014 | ||
| 003 | CZ PrSKC | ||
| 005 | 20260601215733.0 | ||
| 007 | sd fungnnmmned | ||
| 008 | 190910t20192019xr nnnnj f n cze | ||
| 015 | |a cnb003132346 | ||
| 024 | 3 | |a 8594063859733 | |
| 040 | |a ABA001 |b cze |e rda | ||
| 041 | 1 | |d cze |h eng | |
| 072 | 7 | |a 821.111-3 |x Anglická próza, anglicky psaná |2 Konspekt | |
| 072 | 7 | |a 821-93 |x Literatura pro děti a mládež (beletrie) |2 Konspekt | |
| 080 | |a 821.111(94)-31 |2 MRF | ||
| 080 | |a (0:82-312.9) |2 MRF | ||
| 080 | |a (086.7.053.2) |2 MRF | ||
| 080 | |a (086.7)08 |2 MRF | ||
| 080 | |a (086.76) |2 MRF | ||
| 100 | 1 | |a Flanagan, John |q (John Anthony), |d 1944-2026 |7 xx0081982 |4 aut | |
| 240 | 1 | 0 | |a Outcasts. |l Česky |
| 245 | 1 | 0 | |a Bratrstvo. |n Kniha první, |p Vyděděnci / |c John Flanagan ; z anglického originálu Brotherband book first - The Outcasts přeložila Zdena Tenklová |
| 246 | 3 | 0 | |a Vyděděnci |
| 264 | 1 | |a Praha : |b Egmont, |c [2019] | |
| 264 | 4 | |c ©2019 | |
| 300 | |a 1 audiodisk (12 hod., 36 min.) ; |c 12 cm | ||
| 306 | |a 123600 | ||
| 336 | |a mluvené slovo |b spw |2 rdacontent | ||
| 337 | |a audio |b s |2 rdamedia | ||
| 338 | |a audiodisk |b sd |2 rdacarrier | ||
| 344 | |a digital |b optical |2 rda | ||
| 347 | |a audio soubor |b MP3 |2 rda | ||
| 490 | 1 | |a Fantasy | |
| 500 | |a Název z disku | ||
| 500 | |a Copyright Albatros Media | ||
| 500 | |a Podle stejnojmenné knihy vydané nakladatelstvím Egmont v roce 2014 | ||
| 500 | |a Nezkrácená audiokniha ve formátu mp3 | ||
| 508 | |a Režie Tomáš Harant | ||
| 511 | 0 | |a Čte Pavel Neškudla | |
| 520 | 2 | |a Úvod do fantasy ságy, kde stát se bojovníkem je pro každého skandijského chlapce velká čest. |b Každý šestnáctiletý mladík ve Skandii má možnost vstoupit do Bratrstva. Tvrdý tříměsíční výcvik udělá z chlapců muže, kteří poté slouží na vlčích lodích. Hal Mikkelson, sirotek po jednom z nejlepších bojovníků kmene a araluenské ženy, to nemá díky svému původu lehké. Přesto se stane skirlem Bratrstva Volavek. | |
| 521 | 8 | |a Pro děti od 12 let | |
| 655 | 7 | |a australské romány |7 fd131842 |2 czenas | |
| 655 | 7 | |a fantasy romány |7 fd184199 |2 czenas | |
| 655 | 7 | |a zvukové záznamy pro děti a mládež |7 fd186726 |2 czenas | |
| 655 | 7 | |a audioknihy |7 fd119452 |2 czenas | |
| 655 | 7 | |a kompaktní disky |7 fd201991 |2 czenas | |
| 700 | 1 | |a Tenklová, Zdena |7 xx0069446 |4 trl | |
| 700 | 1 | |a Harant, Tomáš |4 drt | |
| 700 | 1 | |a Neškudla, Pavel, |d 1989- |7 pna20191021256 |4 nrt | |
| 787 | 0 | 8 | |i Z cyklu: |t Bratrstvo |g 1 |
| 830 | 0 | |a Fantasy (Egmont) | |
| 900 | |a ABA001 |b 19 | ||
| 044 | |a xr | ||
| 505 | 0 | 0 | |t 01 kap (12 min., 58 sek.) |
| 505 | 0 | 0 | |t 02 kap (15 min., 59 sek.) |
| 505 | 0 | 0 | |t 03 kap (24 min., 24 sek.) |
| 505 | 0 | 0 | |t 04 kap (3 min., 34 sek.) |
| 505 | 0 | 0 | |t 05 kap (12 min., 22 sek.) |
| 505 | 0 | 0 | |t 06 kap (21 min., 47 sek.) |
| 505 | 0 | 0 | |t 07 kap (16 min., 23 sek.) |
| 505 | 0 | 0 | |t 08 kap (9 min., 41 sek.) |
| 505 | 0 | 0 | |t 09 kap (14 min., 7 sek.) |
| 505 | 0 | 0 | |t 10 kap (16 min., 25 sek.) |
| 505 | 0 | 0 | |t 11 kap (13 min., 9 sek.) |
| 505 | 0 | 0 | |t 12 kap (20 min., 18 sek.) |
| 505 | 0 | 0 | |t 13 kap (12 min., 11 sek.) |
| 505 | 0 | 0 | |t 14 kap (14 min., 46 sek.) |
| 505 | 0 | 0 | |t 15 kap (14 min., 3 sek.) |
| 505 | 0 | 0 | |t 16 kap (24 min., 13 sek.) |
| 505 | 0 | 0 | |t 17 kap (20 min., 53 sek.) |
| 505 | 0 | 0 | |t 18 kap (16 min., 51 sek.) |
| 505 | 0 | 0 | |t 19 kap (24 min., 32 sek.) |
| 505 | 0 | 0 | |t 20 kap (7 min., 33 sek.) |
| 505 | 0 | 0 | |t 21 kap (8 min., 50 sek.) |
| 505 | 0 | 0 | |t 22 kap (16 min., 26 sek.) |
| 505 | 0 | 0 | |t 23 kap (12 min., 5 sek.) |
| 505 | 0 | 0 | |t 24 kap (23 min., 47 sek.) |
| 505 | 0 | 0 | |t 25 kap (15 min., 14 sek.) |
| 505 | 0 | 0 | |t 26 kap (21 min., 42 sek.) |
| 505 | 0 | 0 | |t 27 kap (17 min., 11 sek.) |
| 505 | 0 | 0 | |t 28 kap (25 min., 31 sek.) |
| 505 | 0 | 0 | |t 29 kap (20 min., 36 sek.) |
| 505 | 0 | 0 | |t 30 kap (10 min., 16 sek.) |
| 505 | 0 | 0 | |t 31 kap (11 min., 43 sek.) |
| 505 | 0 | 0 | |t 32 kap (8 min., 33 sek.) |
| 505 | 0 | 0 | |t 33 kap (7 min., 52 sek.) |
| 505 | 0 | 0 | |t 34 kap (13 min., 55 sek.) |
| 505 | 0 | 0 | |t 35 kap (5 min., 6 sek.) |
| 505 | 0 | 0 | |t 36 kap (13 min., 20 sek.) |
| 505 | 0 | 0 | |t 37 kap (14 min., 15 sek.) |
| 505 | 0 | 0 | |t 38 kap (17 min., 39 sek.) |
| 505 | 0 | 0 | |t 39 kap (11 min., 35 sek.) |
| 505 | 0 | 0 | |t 40 kap (9 min., 27 sek.) |
| 505 | 0 | 0 | |t 41 kap (14 min., 3 sek.) |
| 505 | 0 | 0 | |t 42 kap (15 min., 19 sek.) |
| 505 | 0 | 0 | |t 43 kap (15 min., 24 sek.) |
| 505 | 0 | 0 | |t 44 kap (17 min., 9 sek.) |
| 505 | 0 | 0 | |t 45 kap (12 min., 45 sek.) |
| 505 | 0 | 0 | |t 46 kap (17 min., 13 sek.) |
| 505 | 0 | 0 | |t 47 kap (16 min., 4 sek.) |
| 505 | 0 | 0 | |t 48 kap (19 min., 24 sek.) |
| 505 | 0 | 0 | |t 49 kap (19 min., 36 sek.) |
| 505 | 0 | 0 | |t 50 kap (8 min., 10 sek.) |
| 910 | |a RBIT002 | ||
| 998 | |d 206618 |a https://core.palmknihy.cz/api/books/206618/cover?she7zz |b https://core.palmknihy.cz/api/books/206618/cover/400?she7zz |c https://core.palmknihy.cz/api/books/206618/cover/50?she7zz |e 2026-09-29 |i 8594063859733 |l 45360 |q 49 |r 1 |s https://www.palmknihy.cz/kniha/206618 |t audiobook |y 2019 |z 0 |v Bratrstvo |w 1 | ||
| 999 | |d 313012 | ||